Alemán fundamental /
Guardado en:
| Autor Principal: | |
|---|---|
| Formato: | Libro |
| Publicado: |
Alemania :
Ernst Klett Verlag, 0
|
| Etiquetas: |
Agregar Etiqueta
Sin Etiquetas, Sea el primero en etiquetar este registro!
|
| LEADER | 00414nam a22001455a 4500 | ||
|---|---|---|---|
| 001 | CEM.cems007273 | ||
| 005 | 20060214000000.0 | ||
| 008 | 130507b######################000#0#####d | ||
| 003 | CEMS | ||
| 082 | 0 | 4 | |a 433.6 |
| 100 | 1 | |a Oehler, Heinz | |
| 245 | 1 | 0 | |a Alemán fundamental / |c Essential German / |
| 260 | |a Alemania : |b Ernst Klett Verlag, 0 | ||
| 300 | |a 242 p.1 | ||
| 859 | |a CEMS |b BIB. CEMS - 11 de abril |h 433.6 |i AL25 |p 15701.90 |t Ej.1 | ||
